Queres Fazer Desporto? (Registo nº 199721)

Detalhes MARC
000 -Etiqueta do registo
Valores 00805nam 22002413 4500
010 ## - Número ISBN
ISBN 978-989-360-022-1
021 ## - Número do Depósito Legal
Código do país Portugal
Número 547572/25
100 ## - Dados gerais de processamento
Dados gerais 20260106d u||y0pory50 ba
101 ## - Língua de publicação
Língua Português
102 ## - País de publicação
País Portugal
200 ## - Titulo e menção de responsabilidade
Título próprio Queres Fazer Desporto?
Informação de outro título O Treino Explicado aos Jovens
Primeira menção de responsabilidade António Vasconcelos Raposo e Pedro Sequeira
Outras menções de responsabilidade Prefácio de Pedro Dias
210 ## - Publicação
Local de publicação Paço d'Arcos
Nome do editor Confederação de Treinadores de Portugal
Data de publicação 2025
215 ## - Descrição física 
Paginação / Volumes 121, [1] p.
Outras indicações físicas Brochado
Dimensões 21 cm
606 ## - Nome comum usado como assunto
ID Autoridade 2185
Palavra de ordem Desporto
675 ## - CDU
Notação 796/RAP/QUE
Edição PT
Língua por
700 ## - Autor principal (pessoa individual)
ID Autoridade 15511
Apelido Raposo
Nome António Vasconcelos
701 ## - Co-autor principal (pessoa individual)
ID Autoridade 15512
Apelido Sequeira
Nome Pedro
702 ## - Autor secundário (pessoa individual)
ID Autoridade 13705
Apelido Dias
Nome Pedro (prefaciador)
801 ## - Fonte de origem
País PT
Agência BMMN
Regras de catalogação RPC
830 ## - Notas gerais do catalogador
Criado por Carlos Pinto
Data de criação 06-01-2026
Indexado por Carlos Pinto
990 ## - Elementos KOHA
Tipo de documento Livro
Exemplares
Situação do levantamento Biblioteca de origem Código de barras Cota Permissão de empréstimo Tipo de documento Forma de aquisição
  Escola Secundária de Montemor-o-Novo 28704 796/RAP/QUE   Livro Compra

Powered by Koha